000 00825cam a2200301 4500
001 ABS65477
008 020520n2002 000 0 eng u
035 _a(Sirsi) u118043
245 _aFocus 2002: Manchester retail, leisure
260 _c2002
490 _aEstates Gazette
_v(0213) 30 March 2002, 47-69(16)
590 _aABS
650 _aPROPERTY-COMMERCIAL PROPERTY-RETAIL PROPERTY-RETAIL PROPERTY MARKET
650 _aLEISURE MARKET
650 _aMANCHESTER
650 _aGREATER MANCHESTER
650 _aSTOCKPORT
650 _aBURY
650 _aBOLTON
650 _aALTRINCHAM
650 _aASHTON-UNDER-LYNE
650 _aOLDHAM
650 _aWIGAN
650 _aROCHDALE
650 _aRESIDENTIAL MARKET
690 _aPROPERTY-COMMERCIAL PROPERTY-COMMERCIAL PROPERTY MARKET
942 _n0
999 _c70286
_d70286